Statistiques concernant Les Kevin célèbres

Cliquez ici pour prendre le quiz!

Statistiques générales

  • Ce quiz a été pris 123 fois
  • Le résultat moyen est 5 sur 12

Statistiques - réponses

Réponse% Correct
Kev Adams
91%
Keen V
81%
Kevin Costner
70%
Kevin Spacey
60%
Kevin Mayer
59%
Kevin Hart
54%
Kevin Jonas
37%
Kevin Dias
4%
Kevin Sussman
3%
Kevin Debonne
2%
Kevin Lyttle
2%
Kevin Nealon
2%

Distribution des résultats

Percentile par nombre de réponses

% des personnes avec chaque résultat

Votre développement - résultats

Vous n’avez pas pris ce quiz